| 000 | 00723nam a22002297a 4500 | ||
|---|---|---|---|
| 005 | 20180629130548.0 | ||
| 010 | _aB-317334 | ||
| 020 | _a9780074600818 | ||
| 035 | _aB-317334 | ||
| 037 |
_adpl _bTata McGraw-Hill |
||
| 082 | _a150 | ||
| 100 | _aRich, Elaine | ||
| 245 |
_aArtificial intelligence/ _cby Rich Elaine [and] Knight Kevin |
||
| 250 | _a2nd ed | ||
| 260 |
_aNew Delhi _bTata McGraw-Hill _c2006 |
||
| 270 |
_a7 West Patel Nagar, New Delhi 110008 _bNew Delhi _e110008 |
||
| 300 |
_a621p. _c23cm (Pbk) |
||
| 500 | _aIt includes index | ||
| 700 | _aKnight, Kevin | ||
| 942 |
_2ddc _cEN _mRIC _h150 |
||
| 999 |
_c153100 _d153100 |
||